[Event "Heusenstamm Sparkassen op 11th"]
[Site "Heusenstamm"]
[Date "2024.11.23"]
[Round "5"]
[White "Schulze, Fabian"]
[Black "Junker, Christian"]
[Result "0-1"]
[WhiteElo "1828"]
[BlackElo "2023"]
[PlyCount "148"]
[EventDate "2024.11.21"]
[EventType "swiss"]
[EventRounds "7"]
[EventCountry "GER"]
[SourceTitle "CB51_2024"]
[SourceDate "2024.12.18"]
[SourceVersion "1"]
[SourceVersionDate "2024.12.18"]
[SourceQuality "1"]

1. d4 d6 2. c3 g6 3. g3 Bg7 4. Bg2 Nd7 5. Nf3 Ngf6 6. 0-0 0-0 7. Re1 e5 8. dxe5 dxe5 9. e4 Re8 10. Nbd2 b6 11. b4 Bb7 12. Bb2 Qe7 13. Qb3 a5 14. a3 a4 15. Qc2 Rec8 16. c4 c6 17. Bh3 Rd8 18. Rad1 h5 19. Bg2 Nh7 20. h4 Nhf6 21. Ng5 Bh6 22. Ndf3 Ng4 23. Nh3 Bf8 24. Nhg5 f6 25. Nh3 Qe6 26. Nh2 Kh7 27. f3 Nh6 28. Rd2 Nf7 29. Red1 Ba6 30. Nf2 Bc8 31. Bh3 Qe8 32. Rd3 Be7 33. Qd2 Nf8 34. Rxd8 Qxd8 35. Qxd8 Nxd8 36. Bg2 Nde6 37. Nf1 Kg7 38. Ne3 Kf7 39. Nd3 Ba6 40. Ne1 Nc7 41. Bf1 Bc8 42. Bd3 Be6 43. Kf2 Ne8 44. N1c2 Nd6 45. Kg2 Nd7 46. Bc3 Rc8 47. Rf1 Rf8 48. Bb2 Ke8 49. Re1 f5 50. exf5 gxf5 51. Bc3 Rg8 52. Kf2 f4 53. Ng2 fxg3+ 54. Kg1 Bxc4 55. Bh7 Rg7 56. Be4 Nxe4 57. fxe4 Bd3 58. Nce3 Bxe4 59. Nc4 Bxg2 60. Kxg2 Rg4 61. Nxe5 Nxe5 62. Bxe5 Kd7 63. Rd1+ Ke6 64. Re1 Kd7 65. Rd1+ Kc8 66. Bd4 c5 67. bxc5 bxc5 68. Bxc5 Bxh4 69. Bd6 Bf6 70. Rd5 h4 71. Rf5 Bb2 72. Rh5 Kd7 73. Bc5 Rc4 74. Rd5+ Kc6 0-1

[Event "Heusenstamm Sparkassen op-A 9th"]
[Site "Heusenstamm"]
[Date "2023.11.26"]
[Round "6"]
[White "Roedel, Jannis"]
[Black "Junker, Christian"]
[Result "0-1"]
[WhiteElo "1773"]
[BlackElo "2023"]
[PlyCount "54"]
[EventDate "2023.11.23"]
[EventType "swiss"]
[EventRounds "7"]
[EventCountry "GER"]
[SourceTitle "CBM 217 Extra"]
[Source "ChessBase"]
[SourceDate "2024.01.31"]
[SourceVersion "1"]
[SourceVersionDate "2024.01.31"]
[SourceQuality "1"]

1. c4 d6 2. g3 Nd7 3. Bg2 g6 4. Nc3 Bg7 5. d3 Ngf6 6. e4 e5 7. Nge2 c6 8. 0-0 0-0 9. f4 a5 10. h3 h5 11. Be3 Kh7 12. Rc1 b6 13. a3 Bb7 14. Bf3 Rh8 15. Qb3 Rb8 16. Rfd1 Qe7 17. Bxb6 Ba6 18. fxe5 Nxe5 19. Rf1 Ned7 20. e5 Qxe5 21. d4 Qe3+ 22. Kg2 Rxb6 23. Qa2 d5 24. cxd5 Bxe2 25. Nxe2 cxd5 26. Rc3 Qd2 27. Rb3 Rhb8 0-1

[Event "Heusenstamm Sparkassen op-A 9th"]
[Site "Heusenstamm"]
[Date "2023.11.25"]
[Round "5"]
[White "Junker, Christian"]
[Black "Sheng, Ming"]
[Result "0-1"]
[WhiteElo "2023"]
[BlackElo "1769"]
[PlyCount "118"]
[EventDate "2023.11.23"]
[EventType "swiss"]
[EventRounds "7"]
[EventCountry "GER"]
[SourceTitle "CBM 217 Extra"]
[Source "ChessBase"]
[SourceDate "2024.01.31"]
[SourceVersion "1"]
[SourceVersionDate "2024.01.31"]
[SourceQuality "1"]

1. Nf3 d5 2. g3 Nf6 3. d3 e6 4. Bg2 Be7 5. Nbd2 0-0 6. 0-0 c5 7. e4 Nc6 8. Re1 Qc7 9. Qe2 b6 10. e5 Nd7 11. Nf1 b5 12. h4 a5 13. Bf4 a4 14. a3 Re8 15. h5 h6 16. N1h2 Nf8 17. Qd2 Qd8 18. g4 Nh7 19. Bh3 Bb7 20. c3 d4 21. c4 Na5 22. Qc2 bxc4 23. dxc4 Nb3 24. Rad1 Qc7 25. Bf1 Qd8 26. Bg2 Qc7 27. Rd3 Rad8 28. Nd2 Bxg2 29. Kxg2 Nxd2 30. Qxd2 Qb7+ 31. Kg1 Rb8 32. Re2 Ng5 33. Bxg5 Bxg5 34. f4 Be7 35. g5 hxg5 36. fxg5 Qa6 37. Qc1 Rb6 38. Rg2 Reb8 39. Ng4 Qb7 40. Qf4 Rxb2 41. Nf2 Rb3 42. g6 f5 43. exf6 Bxf6 44. Kh2 Rf8 45. h6 gxh6 46. g7 Bxg7 47. Qd2 Rb2 48. Qe1 Kh8 49. Rdg3 Qc7 50. Ng4 Rb3 51. Qxe6 h5 52. Nh6 h4 53. Nf5 Rxg3 54. Nxg3 hxg3+ 55. Kg1 Qf4 56. Qh3+ Kg8 57. Qe6+ Qf7 58. Qe2 d3 59. Qxd3 Bd4+ 0-1

[Event "Heusenstamm Sparkassen op-A 7th"]
[Site "Heusenstamm"]
[Date "2021.11.20"]
[Round "5.41"]
[White "Speck, Stefan"]
[Black "Junker, Christian"]
[Result "1-0"]
[WhiteElo "1928"]
[BlackElo "2019"]
[PlyCount "93"]
[EventDate "2021.11.18"]
[EventType "swiss"]
[EventRounds "7"]
[EventCountry "GER"]
[SourceTitle "EXT 2023"]
[Source "ChessBase"]
[SourceDate "2022.10.05"]
[SourceVersion "1"]
[SourceVersionDate "2022.10.05"]
[SourceQuality "1"]

1. e4 e5 2. Nf3 Nf6 3. Nxe5 d6 4. Nf3 Nxe4 5. Nc3 Nf6 6. d4 g6 7. Bg5 Bg7 8. Qe2+ Kf8 9. 0-0-0 h6 10. Bh4 g5 11. Bg3 Bf5 12. Qb5 Qc8 13. Bd3 Bd7 14. Qb3 a5 15. a4 Be6 16. Bc4 Ra6 17. Rhe1 Bxc4 18. Qxc4 Rc6 19. Qe2 Qd7 20. Ne5 dxe5 21. dxe5 Qe6 22. Rd8+ Ne8 23. Rxb8 h5 24. h4 g4 25. Bf4 Bh6 26. Bxh6+ Rxh6 27. Rd1 Qf5 28. Rd5 Rhe6 29. Rxa5 f6 30. Rxb7 fxe5 31. Rbb5 Qf4+ 32. Kb1 Ng7 33. Rxe5 Kf7 34. g3 Qd4 35. Rad5 Qb6 36. Qb5 Qa7 37. Rd7+ Kf8 38. Qd5 Qb6 39. Rd8+ Re8 40. Qd7 Rce6 41. Rxe6 Qxe6 42. Rxe8+ Qxe8 43. Qxe8+ Kxe8 44. Kc1 Ne6 45. Kd2 Nd4 46. Kd3 c5 47. Ne4 1-0

[Event "Heusenstamm Sparkassen op-A 7th"]
[Site "Heusenstamm"]
[Date "2021.11.19"]
[Round "3.43"]
[White "Armbrust, Matthias"]
[Black "Junker, Christian"]
[Result "0-1"]
[WhiteElo "1833"]
[BlackElo "2019"]
[PlyCount "80"]
[EventDate "2021.11.18"]
[EventType "swiss"]
[EventRounds "7"]
[EventCountry "GER"]
[SourceTitle "EXT 2023"]
[Source "ChessBase"]
[SourceDate "2022.10.05"]
[SourceVersion "1"]
[SourceVersionDate "2022.10.05"]
[SourceQuality "1"]

1. e4 e5 2. Nf3 Nf6 3. Bc4 Nxe4 4. Nc3 Nxc3 5. dxc3 f6 6. Nh4 g6 7. f4 Qe7 8. f5 g5 9. Qh5+ Kd8 10. Nf3 h6 11. Be3 c6 12. Bf7 d5 13. Bg6 Bg7 14. 0-0 Nd7 15. Qg4 b6 16. Rad1 Bb7 17. Rfe1 Qd6 18. c4 h5 19. Bxh5 Kc7 20. h3 Rad8 21. cxd5 cxd5 22. Bf2 Qc6 23. Bf7 Nc5 24. c4 dxc4 25. Bxc4 Kb8 26. Bxc5 Qxc5+ 27. Kh2 e4 28. Nd2 Rxd2 29. Rxd2 Qxc4 30. Rd7 Bh6 31. Red1 Rc8 32. Qg3+ Ka8 33. Rh7 Bf8 34. Rdd7 Rb8 35. Rhf7 Bc5 36. Qe1 e3 37. Rxf6 Qe4 38. Qg3 e2 39. Re6 Qxf5 40. Rxe2 Qxd7 0-1

[Event "Heusenstamm Sparkassen op-A 6th"]
[Site "Heusenstamm"]
[Date "2019.11.22"]
[Round "2"]
[White "Junker, Christian"]
[Black "Chandler, Patrick"]
[Result "0-1"]
[WhiteElo "2011"]
[BlackElo "2124"]
[PlyCount "164"]
[EventDate "2019.11.21"]
[EventType "swiss"]
[EventRounds "7"]
[EventCountry "GER"]
[SourceTitle "CBM 194 Extra"]
[Source "ChessBase"]
[SourceDate "2020.03.31"]
[SourceVersion "1"]
[SourceVersionDate "2020.03.31"]
[SourceQuality "1"]

1. Nf3 d5 2. g3 Nf6 3. d3 Nc6 4. Nbd2 Bf5 5. Bg2 Qd7 6. h3 h6 7. g4 Bh7 8. c4 e6 9. 0-0 Be7 10. a3 g5 11. b4 h5 12. b5 Nd8 13. Bb2 Rg8 14. Ne5 Qc8 15. e4 hxg4 16. hxg4 dxc4 17. Ndxc4 Qb8 18. Qf3 Nd7 19. Nxd7 Kxd7 20. e5 Bg6 21. d4 Rh8 22. a4 Rh4 23. Rfd1 Ke8 24. a5 a6 25. b6 Nc6 26. d5 exd5 27. Qxd5 Qc8 28. Ne3 cxb6 29. axb6 Nb4 30. Qxb7 Qxb7 31. Bxb7 Rb8 32. Bf3 Rxb6 33. Bd4 Rb8 34. Bc3 Nd3 35. Rxa6 Nf4 36. Rda1 Bc5 37. Ra8 Rxa8 38. Rxa8+ Kd7 39. Ra5 Bb6 40. Ra1 Rh3 41. Rd1+ Kc7 42. Ba8 Kb8 43. Bc6 Ne2+ 44. Kg2 Nxc3 45. Kxh3 Bxe3 46. Ra1 Bxf2 47. Ra8+ Kc7 48. Be8 Ne2 49. Ra2 Nf4+ 50. Kh2 Bd4 51. Ra5 Kd8 52. Ba4 Ke7 53. Bb3 Be4 54. e6 f6 55. Ra4 Ne2 56. Kh3 Bf3 57. Bc4 Ng1+ 58. Kg3 Bc6 59. Ra6 Bb7 60. Ra4 Nf3 61. Be2 Bc6 62. Ra6 Ne5 63. Bc4 Be3 64. Bb3 Bb5 65. Ra1 Be2 66. Rh1 Bf4+ 67. Kf2 Bc4 68. Bxc4 Nxc4 69. Kf3 Ne5+ 70. Ke4 Kxe6 71. Ra1 Nxg4 72. Ra6+ Bd6 73. Ra5 Ne5 74. Ra8 f5+ 75. Ke3 Bc5+ 76. Ke2 f4 77. Ra5 Bd4 78. Kf1 Kf5 79. Kg2 g4 80. Ra8 Nc4 81. Ra4 Ne3+ 82. Kf2 Ke4 0-1

[Event "Wiesbaden op 31st"]
[Site "Wiesbaden"]
[Date "2019.08.23"]
[Round "2"]
[White "Junker, Christian"]
[Black "Tischendorf, Michael"]
[Result "1/2-1/2"]
[WhiteElo "2011"]
[BlackElo "2165"]
[PlyCount "113"]
[EventDate "2019.08.22"]
[EventType "swiss"]
[EventRounds "7"]
[EventCountry "GER"]
[SourceTitle "EXT 2020"]
[Source "ChessBase"]
[SourceDate "2019.10.17"]
[SourceVersion "1"]
[SourceVersionDate "2019.10.17"]
[SourceQuality "1"]

1. Nf3 d5 2. d3 Nc6 3. Nbd2 e5 4. e4 Nge7 5. g3 g6 6. Bg2 Bg7 7. 0-0 0-0 8. Re1 a5 9. a4 h6 10. exd5 Nxd5 11. Nc4 Re8 12. c3 b6 13. Qb3 Bb7 14. h4 Qd7 15. h5 g5 16. Na3 Rad8 17. Nd2 Nde7 18. Nb5 Nf5 19. Ne4 Qxd3 20. Qa2 Qd7 21. Be3 Nxe3 22. Rxe3 Kh8 23. g4 Re7 24. Bf3 f5 25. gxf5 Qxf5 26. Ng3 Qf7 27. Qb1 Rf8 28. Qc2 Nb4 29. cxb4 Bxf3 30. bxa5 bxa5 31. Rc1 e4 32. b3 Qe6 33. Qc4 Qh3 34. Qf1 Qg4 35. Kh2 Be5 36. Qh3 Qxh3+ 37. Kxh3 Bf4 38. Rc6 g4+ 39. Kh2 Bxe3 40. fxe3 Kh7 41. Nd4 Rd7 42. Ngf5 Rdf7 43. Rxh6+ Kg8 44. Rg6+ Kh8 45. Ng3 Rb8 46. Rg5 Bd1 47. Nxe4 Bxb3 48. Rxa5 Bd1 49. Kg3 Re8 50. Ng5 Rxe3+ 51. Kh4 Rf8 52. Ra6 g3 53. Rh6+ Kg8 54. Rg6+ Kh8 55. Rh6+ Kg8 56. Rg6+ Kh8 57. Rh6+ 1/2-1/2

[Event "Wiesbaden op 31st"]
[Site "Wiesbaden"]
[Date "2019.08.23"]
[Round "3"]
[White "Nagel, Bernhard"]
[Black "Junker, Christian"]
[Result "1-0"]
[WhiteElo "2228"]
[BlackElo "2011"]
[PlyCount "75"]
[EventDate "2019.08.22"]
[EventType "swiss"]
[EventRounds "7"]
[EventCountry "GER"]
[SourceTitle "EXT 2020"]
[Source "ChessBase"]
[SourceDate "2019.10.17"]
[SourceVersion "1"]
[SourceVersionDate "2019.10.17"]
[SourceQuality "1"]

1. c4 f5 2. g3 e6 3. Bg2 d5 4. Nf3 Nf6 5. 0-0 Be7 6. cxd5 exd5 7. e3 0-0 8. Nc3 c6 9. d3 a5 10. Ne2 Na6 11. Bd2 Nc5 12. Bc3 b5 13. Rc1 Bd7 14. Ne5 Na4 15. Qc2 Nxc3 16. Qxc3 Rc8 17. Nxd7 Nxd7 18. Nf4 Bb4 19. Qb3 Rf6 20. a3 Bc5 21. d4 Bf8 22. a4 b4 23. Qc2 Nb6 24. b3 g6 25. Qe2 g5 26. Nd3 Nd7 27. Rc2 Rd6 28. Rfc1 Qf6 29. f4 gxf4 30. Nxf4 Re8 31. Rxc6 Nb6 32. Rxd6 Qxd6 33. Qd3 Bh6 34. Qxf5 Rxe3 35. Bxd5+ Nxd5 36. Rc8+ Bf8 37. Nxd5 Qh6 38. Rxf8+ 1-0

[Event "Heusenstamm Sparkassen op-A 5th"]
[Site "Heusenstamm"]
[Date "2018.11.23"]
[Round "2"]
[White "Flach, Helene"]
[Black "Junker, Christian"]
[Result "0-1"]
[WhiteElo "1849"]
[BlackElo "1984"]
[PlyCount "102"]
[EventDate "2018.11.22"]
[EventType "swiss"]
[EventRounds "7"]
[EventCountry "GER"]
[SourceTitle "CBM 188 Extra"]
[Source "ChessBase"]
[SourceDate "2019.02.28"]
[SourceVersion "1"]
[SourceVersionDate "2019.02.28"]
[SourceQuality "1"]

1. e4 e5 2. Nf3 Nf6 3. Nxe5 d6 4. Nf3 Nxe4 5. Qe2 Qe7 6. d3 Nf6 7. Bg5 Qxe2+ 8. Bxe2 Be7 9. Nc3 c6 10. 0-0-0 Na6 11. Rhe1 Nc7 12. Ne4 Nxe4 13. dxe4 Bg4 14. Bxe7 Kxe7 15. Nd4 Bd7 16. f4 Rad8 17. Bf3 Rhe8 18. Re2 g6 19. Red2 Be6 20. g4 d5 21. e5 f5 22. g5 Rh8 23. Rg1 Bf7 24. h4 c5 25. Ne2 b6 26. h5 d4 27. b3 Ne6 28. h6 Rd7 29. Rgd1 Rhd8 30. Bc6 Rc7 31. Bb5 Be8 32. Bc4 Bc6 33. Bxe6 Kxe6 34. Ng1 Be4 35. Nh3 b5 36. Nf2 Bf3 37. Rg1 c4 38. b4 c3 39. Rd3 Be4 40. Rdg3 a5 41. Re1 Kd5 42. Nd3 Bxd3 43. cxd3 axb4 44. e6 Re7 45. Re5+ Kc6 46. Kc2 Ra8 47. Kb3 Rea7 48. Kxb4 Ra4+ 49. Kb3 Ra3+ 50. Kc2 Rxa2+ 51. Kd1 Rd2+ 0-1

[Event "Wiesbaden op 30th"]
[Site "Wiesbaden"]
[Date "2018.08.24"]
[Round "3"]
[White "Schneider, Luca"]
[Black "Junker, Christian"]
[Result "0-1"]
[WhiteElo "1480"]
[BlackElo "1986"]
[PlyCount "54"]
[EventDate "2018.08.23"]
[EventType "swiss"]
[EventRounds "7"]
[EventCountry "GER"]
[SourceTitle "CBM 186 Extra"]
[Source "ChessBase"]
[SourceDate "2018.08.24"]
[SourceVersion "1"]
[SourceVersionDate "2018.08.24"]
[SourceQuality "1"]

1. d4 f5 2. Nf3 Nf6 3. c4 e6 4. Nc3 d5 5. Bg5 Be7 6. g3 0-0 7. Bg2 c6 8. b3 Nbd7 9. 0-0 h6 10. Bf4 Qe8 11. c5 Ne4 12. Qc2 Bf6 13. Rad1 Ndxc5 14. Nxd5 cxd5 15. dxc5 e5 16. Bd2 Bd7 17. Bb4 Bc6 18. Nd2 a5 19. Ba3 Bg5 20. Bc1 Be7 21. Nxe4 fxe4 22. Bb2 Bf6 23. e3 a4 24. b4 a3 25. Bc1 Ba4 26. Qd2 Rd8 27. Rde1 Bb5 0-1

[Event "Heusenstamm Sparkassen op-A 4th"]
[Site "Heusenstamm"]
[Date "2017.11.26"]
[Round "6"]
[White "Junker, Christian"]
[Black "Mueller, Werner7"]
[Result "1-0"]
[WhiteElo "1952"]
[BlackElo "2103"]
[PlyCount "93"]
[EventDate "2017.11.23"]
[EventType "swiss"]
[EventRounds "7"]
[EventCountry "GER"]
[SourceTitle "EXT 2019"]
[Source "ChessBase"]
[SourceDate "2018.10.10"]
[SourceVersion "1"]
[SourceVersionDate "2018.10.10"]
[SourceQuality "1"]

1. Nf3 Nf6 2. g3 g6 3. d3 Bg7 4. Bg2 d6 5. e4 c5 6. 0-0 Nc6 7. Re1 0-0 8. c3 e5 9. a4 h6 10. Na3 Rb8 11. Nc4 a6 12. a5 Be6 13. Nfd2 Qc7 14. Qa4 Rbd8 15. h3 Ne8 16. Nb6 f5 17. Nd5 Qf7 18. Rf1 f4 19. g4 h5 20. g5 h4 21. Qd1 Nc7 22. c4 Nd4 23. Nf3 Nxd5 24. cxd5 Bc8 25. Kh2 Qe7 26. Rg1 Qd7 27. Nxd4 exd4 28. f3 Be5 29. Bf1 Kg7 30. Bd2 Rh8 31. Rc1 Rh5 32. Qe2 Qe7 33. Qg2 Bd7 34. Be1 Rb8 35. b4 Rhh8 36. bxc5 dxc5 37. Rb1 Bb5 38. Qd2 Rbc8 39. Rc1 Rc7 40. Rc2 Bd6 41. Qc1 Rh5 42. Rcg2 Qe5 43. Bd2 Rh8 44. Rg4 Bd7 45. Bxf4 Qe7 46. Bxd6 Qxd6+ 47. Qf4 1-0

[Event "Heusenstamm Sparkassen op-A 4th"]
[Site "Heusenstamm"]
[Date "2017.11.24"]
[Round "3"]
[White "Hahn, Florian"]
[Black "Junker, Christian"]
[Result "1/2-1/2"]
[WhiteElo "2141"]
[BlackElo "1952"]
[PlyCount "70"]
[EventDate "2017.11.23"]
[EventType "swiss"]
[EventRounds "7"]
[EventCountry "GER"]
[SourceTitle "EXT 2019"]
[Source "ChessBase"]
[SourceDate "2018.10.10"]
[SourceVersion "1"]
[SourceVersionDate "2018.10.10"]
[SourceQuality "1"]

1. Nf3 f5 2. c4 Nf6 3. g3 e6 4. Bg2 d5 5. 0-0 Be7 6. d3 0-0 7. b3 d4 8. Bb2 c5 9. b4 a5 10. bxc5 Bxc5 11. Ba3 Qd6 12. Qc1 Nc6 13. Bxc5 Qxc5 14. Na3 e5 15. Nb5 Bd7 16. Qb2 Rad8 17. Rfc1 Bc8 18. Rab1 Rfe8 19. Nd2 e4 20. Nb3 Qe5 21. c5 a4 22. Nd2 exd3 23. exd3 Qe2 24. Bf1 Qh5 25. Nd6 f4 26. Bg2 fxg3 27. hxg3 Rf8 28. N2e4 Ng4 29. Nxc8 Rxc8 30. Re1 Qh2+ 31. Kf1 Ne3+ 32. Rxe3 dxe3 33. f4 Kh8 34. Re1 Qh5 35. Rxe3 Rcd8 1/2-1/2

[Event "Rhein Main op-A 20th"]
[Site "Bad Homburg"]
[Date "2017.06.15"]
[Round "3"]
[White "Junker, Christian"]
[Black "Lindam, Ingo"]
[Result "1/2-1/2"]
[WhiteElo "1946"]
[BlackElo "2103"]
[PlyCount "47"]
[EventDate "2017.06.14"]
[EventType "swiss"]
[EventRounds "7"]
[EventCountry "GER"]
[SourceTitle "EXT 2018"]
[Source "ChessBase"]
[SourceDate "2017.10.13"]
[SourceVersion "1"]
[SourceVersionDate "2017.10.13"]
[SourceQuality "1"]

1. Nf3 Nf6 2. g3 g6 3. d3 Bg7 4. Bg2 d6 5. e4 0-0 6. 0-0 c5 7. Re1 e5 8. a4 Nc6 9. c3 h6 10. Na3 a6 11. Nc4 Be6 12. Nfd2 d5 13. exd5 Nxd5 14. a5 Qc7 15. Qa4 Rad8 16. Ne4 Nb8 17. Qa3 Rc8 18. Ned2 Rcd8 19. Qb3 Nc6 20. Ne4 Nb8 21. Rb1 f5 22. Ned2 Bf7 23. Qa3 Rfe8 24. Nf3 1/2-1/2

[Event "Hofheim Spring op-B 5th"]
[Site "Hofheim"]
[Date "2017.04.09"]
[Round "4"]
[White "Wuestehube, Harry"]
[Black "Junker, Christian"]
[Result "1/2-1/2"]
[WhiteElo "1877"]
[BlackElo "1964"]
[PlyCount "77"]
[EventDate "2017.04.07"]
[EventType "swiss"]
[EventRounds "9"]
[EventCountry "GER"]
[SourceTitle "CBM 178 Extra"]
[Source "ChessBase"]
[SourceDate "2017.06.22"]
[SourceVersion "1"]
[SourceVersionDate "2017.06.22"]
[SourceQuality "1"]

1. e4 e5 2. Nf3 Nf6 3. Nxe5 d6 4. Nf3 Nxe4 5. Qe2 Qe7 6. d3 Nf6 7. Bg5 Qxe2+ 8. Bxe2 Be7 9. Nc3 c6 10. 0-0-0 Na6 11. h3 Nc7 12. Rde1 Ne6 13. Bd2 0-0 14. d4 d5 15. Bd3 Re8 16. Nd1 Bd7 17. c3 c5 18. Be3 Rac8 19. Kb1 a6 20. Bc2 Rc7 21. dxc5 Nxc5 22. Nd4 g6 23. Bf4 Rec8 24. f3 Ne6 25. Be5 Nxd4 26. Bxd4 Be6 27. g4 Kf8 28. Ne3 Rd8 29. Ng2 Ng8 30. Nf4 Rc6 31. Re2 Bh4 32. Nd3 Bc8 33. Rf1 h6 34. Bb3 Re6 35. Rff2 Bf6 36. Nf4 Rxe2 37. Nxe2 Bxd4 38. Nxd4 Ne7 39. Re2 1/2-1/2

[Event "Hofheim Spring op-B 5th"]
[Site "Hofheim"]
[Date "2017.04.08"]
[Round "2"]
[White "Neubauer, Robert"]
[Black "Junker, Christian"]
[Result "1-0"]
[WhiteElo "1868"]
[BlackElo "1964"]
[PlyCount "103"]
[EventDate "2017.04.07"]
[EventType "swiss"]
[EventRounds "9"]
[EventCountry "GER"]
[SourceTitle "CBM 178 Extra"]
[Source "ChessBase"]
[SourceDate "2017.06.22"]
[SourceVersion "1"]
[SourceVersionDate "2017.06.22"]
[SourceQuality "1"]

1. e4 e5 2. Bc4 Nf6 3. d3 Nc6 4. Nf3 Be7 5. 0-0 d6 6. Re1 0-0 7. a4 Bg4 8. h3 Bh5 9. Nbd2 a6 10. c3 Kh8 11. Nf1 Bg6 12. a5 h6 13. Ne3 Nh7 14. Nd5 f5 15. exf5 Bxf5 16. Nxe7 Qxe7 17. d4 Qf6 18. dxe5 dxe5 19. Bd5 Rae8 20. Be3 e4 21. Nd4 Nxd4 22. Qxd4 Qg6 23. Kh1 c6 24. Bc4 Bc8 25. Rad1 Rf5 26. Qb6 Qf6 27. Rd2 Rh5 28. Be2 Rh4 29. Bf1 Ng5 30. Bxg5 hxg5 31. Red1 Kh7 32. Rd8 Rxd8 33. Qxd8 Qf5 34. Kg1 Be6 35. g4 Qe5 36. Bg2 Rh6 37. Re1 Bd5 38. c4 Rd6 39. Qf8 Rf6 40. Qc5 Qf4 41. cxd5 cxd5 42. Re2 Rd6 43. b4 Rd7 44. b5 axb5 45. Qxb5 Qd6 46. Rd2 e3 47. Qd3+ Kh6 48. Qxe3 d4 49. Qb3 Qf4 50. Rd3 Qc1+ 51. Rd1 Qc5 52. Qe6+ 1-0

[Event "Heusenstamm Sparkassen op-A 3rd"]
[Site "Heusenstamm"]
[Date "2016.11.27"]
[Round "5"]
[White "Karthik, Thrish"]
[Black "Junker, Christian"]
[Result "0-1"]
[WhiteElo "1689"]
[BlackElo "1954"]
[PlyCount "140"]
[EventDate "2016.11.24"]
[EventType "swiss"]
[EventRounds "7"]
[EventCountry "GER"]
[SourceTitle "EXT 2018"]
[Source "ChessBase"]
[SourceDate "2017.10.13"]
[SourceVersion "1"]
[SourceVersionDate "2017.10.13"]
[SourceQuality "1"]

1. e4 e5 2. Nf3 Nf6 3. Nxe5 d6 4. Nf3 Nxe4 5. d4 d5 6. Bd3 Be7 7. 0-0 Bg4 8. c4 Nf6 9. Be3 Nc6 10. Nc3 0-0 11. c5 a6 12. Rc1 Qd7 13. a3 b5 14. b4 Ne8 15. h3 Bh5 16. Be2 Rd8 17. Qb3 f5 18. Ne5 Nxe5 19. dxe5 Bf7 20. Bd4 c6 21. f4 Nc7 22. Bf3 Ne6 23. Ne2 g5 24. g3 Kh8 25. Kh2 Ra8 26. Qc3 h6 27. Rg1 Bg6 28. Rcf1 Kh7 29. Bh1 a5 30. Ra1 Ra7 31. bxa5 Qc7 32. a4 Rxa5 33. axb5 Rxb5 34. Rgc1 Rfb8 35. Ra2 Rb4 36. Rd2 Qb7 37. Bg2 gxf4 38. gxf4 Rc4 39. Qe3 Qa6 40. Rcc2 Nxd4 41. Rxc4 Qxc4 42. Qxd4 Rb4 43. Qxc4 Rxc4 44. Rb2 Bxc5 45. Rb7+ Kg8 46. Rc7 Be8 47. Ng3 Be3 48. Nxf5 Bxf4+ 49. Kg1 Kf8 50. Rh7 Bxe5 51. Rxh6 Rf4 52. Nh4 Bd4+ 53. Kh2 Kg7 54. Kg3 Be5 55. Re6 Re4+ 56. Kf3 Bh5+ 57. Kf2 Bd4+ 58. Kg3 Rxe6 59. Nf5+ Kf6 60. Nxd4 Rd6 61. Kf4 Be8 62. h4 c5 63. Nf5 Rd8 64. Ne3 d4 65. Nd5+ Ke6 66. Nc7+ Kd6 67. Nxe8+ Rxe8 68. h5 c4 69. h6 d3 70. Bf3 c3 0-1

[Event "Wiesbaden op 28th"]
[Site "Wiesbaden"]
[Date "2016.08.28"]
[Round "7"]
[White "Junker, Christian"]
[Black "Heinemann, Ernst"]
[Result "0-1"]
[WhiteElo "1981"]
[BlackElo "2177"]
[PlyCount "132"]
[EventDate "2016.08.25"]
[EventType "swiss"]
[EventRounds "7"]
[EventCountry "GER"]
[SourceTitle "CBM 174 Extra"]
[Source "ChessBase"]
[SourceDate "2016.10.10"]
[SourceVersion "1"]
[SourceVersionDate "2016.10.10"]
[SourceQuality "1"]

1. Nf3 g6 2. g3 Bg7 3. d3 c5 4. Bg2 Nc6 5. e4 Nf6 6. 0-0 0-0 7. Qe2 d6 8. c3 Bd7 9. h3 a6 10. Be3 Rc8 11. a3 b5 12. Nbd2 h6 13. d4 cxd4 14. cxd4 d5 15. e5 Ne4 16. Nxe4 dxe4 17. Nd2 Be6 18. f4 Nxd4 19. Qf2 Nc2 20. Rac1 Qd3 21. Bxe4 Qxe3 22. Bxc2 Qxf2+ 23. Kxf2 Bxh3 24. Rh1 Rfd8 25. Ke3 Bg2 26. Rhg1 Bb7 27. Nb3 e6 28. Na5 Bd5 29. Be4 Bxe4 30. Kxe4 Rxc1 31. Rxc1 Rd2 32. b4 Bf8 33. Rc3 Kg7 34. Nc6 Ra2 35. Na5 g5 36. Nb7 gxf4 37. gxf4 Be7 38. Rg3+ Kf8 39. Rc3 Ke8 40. Rd3 h5 41. Kd4 Rc2 42. Nd6+ Bxd6 43. exd6 f6 44. Ke4 Rc4+ 45. Kf3 Kd7 46. Kg3 Rc6 47. f5 Rxd6 48. Re3 e5 49. Kh4 Rd1 50. Kxh5 Rg1 51. Rd3+ Kc6 52. Kh4 Rg5 53. Rd8 Rxf5 54. Kg4 Rf1 55. Ra8 Kd5 56. Rxa6 f5+ 57. Kg3 Rb1 58. Rb6 Ke4 59. Rxb5 Rb3+ 60. Kf2 Rxa3 61. Rb8 Ra2+ 62. Kf1 Rb2 63. b5 Ke3 64. b6 f4 65. b7 f3 66. Kg1 e4 0-1

[Event "Wiesbaden op 28th"]
[Site "Wiesbaden"]
[Date "2016.08.27"]
[Round "4"]
[White "Froehlich Dill, Astrid"]
[Black "Junker, Christian"]
[Result "1-0"]
[WhiteElo "1813"]
[BlackElo "1981"]
[PlyCount "75"]
[EventDate "2016.08.25"]
[EventType "swiss"]
[EventRounds "7"]
[EventCountry "GER"]
[SourceTitle "CBM 174 Extra"]
[Source "ChessBase"]
[SourceDate "2016.10.10"]
[SourceVersion "1"]
[SourceVersionDate "2016.10.10"]
[SourceQuality "1"]

1. d4 f5 2. c4 e6 3. Nf3 Nf6 4. g3 Be7 5. Nc3 d5 6. Bg2 c6 7. c5 b6 8. b4 a5 9. Na4 bxc5 10. bxc5 Nfd7 11. Rb1 Na6 12. Bd2 Rb8 13. 0-0 Rxb1 14. Qxb1 0-0 15. Rc1 e5 16. Nxe5 Nxe5 17. dxe5 g5 18. e3 Qe8 19. Bf1 Bd8 20. Nb6 Bc7 21. Nxc8 Qxc8 22. f4 Kf7 23. Bxa6 Qxa6 24. Qxf5+ Ke8 25. Qe6+ Kd8 26. Qh6 Ke8 27. Qh5+ Kd7 28. Qxh7+ Kc8 29. e6 Rd8 30. e7 Re8 31. Qf5+ Kb7 32. Qd7 Qd3 33. Qxe8 Qxd2 34. Qxc6+ Kxc6 35. e8Q+ Kb7 36. Rb1+ Ka7 37. c6 Bb6 38. Qd7+ 1-0